Súhrnný indikátor spotrebiteľskej dôvery
Spotrebiteľský barometer. Indexy spotrebiteľskej dôvery - vývoj v SR a v členských štátoch EÚ. Sledované indikátory, stručný prehľad výsledkov.
Gespeichert in:
| Format: | Buchkapitel |
|---|---|
| Sprache: | Slowakisch |
| Schlagworte: | |
| Tags: |
Keine Tags, Fügen Sie das erste Tag hinzu!
|
MARC
| LEADER | 00000naa$a2200000$$$4500 | ||
|---|---|---|---|
| 001 | 0059119 | ||
| 005 | 20231106073314.6 | ||
| 041 | 0 | |a slo | |
| 044 | |a SK | ||
| 245 | 1 | 0 | |a Súhrnný indikátor spotrebiteľskej dôvery |
| 520 | |a Spotrebiteľský barometer. Indexy spotrebiteľskej dôvery - vývoj v SR a v členských štátoch EÚ. Sledované indikátory, stručný prehľad výsledkov. | ||
| 610 | 2 | 0 | |a spotrebitelia |
| 610 | 2 | 0 | |a indexy |
| 610 | 2 | 0 | |a situácia hospodárska |
| 610 | 2 | 0 | |a Slovensko |
| 610 | 2 | 0 | |a Európska únia |
| 610 | 2 | 0 | |a vývoj hospodársky |
| 610 | 2 | 0 | |a nezamestnanosť |
| 610 | 2 | 0 | |a situácia finančná obyvateľstva |
| 610 | 2 | 0 | |a úspory obyvateľstva |
| 610 | 2 | 0 | |a domácnosti |
| 610 | 2 | 0 | |a 2006-2007 |